000 00444pab a2200157 454500
008 180718b2005 xxu||||| |||| 00| 0 eng d
100 _aPandey, D.D.
245 _aExtending meaninggul ECCE to disadvantaged children: research agenda for institutions of higher learning
260 _c2005
300 _ap.23-30.
362 _a21 Nov
650 _aChildren
650 _aDisadvantaged children
773 _aUniversity News
909 _a67825
999 _c67825
_d67825